Highest Grossing Indian films - Statistics

General Stats
  • This quiz has been taken 34 times
    19 since last reset
  • The average score is 5 of 10
Answer Stats
Year of release Answer % Correct
2016 Dangal
94%
2023 Pathaan
71%
2017 Baahubali 2: The Conclusion
59%
2023 Jawan
59%
2023 Animal
47%
2022 KGF: Chapter 2
47%
2022 RRR
41%
2015 Bajrangi Bhaijaan
24%
2024 Kalki 2898 AD
18%
2024 Pushpa: The Rule Part 2
0%
No matching quizzes found
Score Distribution
Percent of People with Each Score
Percentile by Number Answered
Your Score History
You have not taken this quiz since the last reset